| 000 | 00602nam a2200205 4500 | ||
|---|---|---|---|
| 003 | OSt | ||
| 005 | 20160309164935.0 | ||
| 008 | 160309b xxu||||| |||| 00| 0 eng d | ||
| 020 | _a185383003 | ||
| 040 | _c040a | ||
| 082 |
_a305.42 _bSEN 1987 |
||
| 100 |
_aSen, Gita _97214 |
||
| 245 |
_aDevelopment, crises and alternative visions : _bthird world women's perspectives / _cGita Sen, Caren Grown |
||
| 260 |
_aLondon _bEarthscan publications _c1987 |
||
| 300 |
_a120p : _c8 cm |
||
| 504 | _aIncludes index | ||
| 650 |
_aDeveloping countries _91180 |
||
| 700 |
_aGrown, Caren _97215 |
||
| 942 |
_2ddc _cSLOAN |
||
| 999 |
_c3216 _d3216 |
||